Venture Capital as an Alternative Source of Firm's Financing in Central and Eastern Europe

Na minha lista:
Detalhes bibliográficos
Autor principal: Jančovičová Bognárová, Kristína, 1979-
Formato: Capítulo de Livro
Idioma:inglês
Assuntos:
Tags: Adicionar Tag
Sem tags, seja o primeiro a adicionar uma tag!

MARC

LEADER 00000naa$a2200000$$$4500
001 0214342
005 20240502083538.2
041 0 |a eng 
044 |a BG 
245 1 0 |a Venture Capital as an Alternative Source of Firm's Financing in Central and Eastern Europe  |c Kristína Jančovičová Bognárová 
610 2 0 |a podnik malý 
610 2 0 |a podnik stredný 
610 2 0 |a financovanie podnikov 
610 2 0 |a formy financovania 
610 2 0 |a kapitál rizikový 
610 2 0 |a stredná Európa 
610 2 0 |a východná Európa 
100 1 |a Jančovičová Bognárová, Kristína, 1979-